01159nam a2200217Ia 4500001000700000008004100007090001700048100004300065245016100108260003200269300001100301502007600312650015800388901001700546902000600563905006300569942000600632999001900638952014200657952014200799Z_4038220601s9999 xx 000 0 und d aTesis S 1558 aSolís Pérez, Laura Olimpia9108458 aEstructura, comportamiento, tecnologías y rentabilidad de la producción de maíz forrajero en el área de Texcoco / por Laura Olimpia Solís Pérez aChapingo, Méx. : El autor a114 h. aTesis (Ing. Agr. Esp. en Zootecnia) -- UACH. Departamento de Zootecnia a1. Maíz - México (Edo.) 2. Forrajes - México (Edo.) 3. Maíz - Producción 4. Maíz - Costos de producción 5. Maíz como forrajeÌ9180962 aTESIS S 1558 aM a0000002001 0000000000 00 c2 c216922d216922 00102local4055708TESISaZbZd2005-11-09eEL autorl0oTesis S65 1558 2001p5101002529r2022-06-02 00:00:00tEj.2w2022-06-02yTESIS 00102local4051708TESISaZbZd2005-11-09eEL autorl0oTesis S65 1558 2001p5101002528r2022-06-02 00:00:00tEj.1w2022-06-02yTESIS